书目信息 |
| 题名: |
建筑设计效果图技法解析
|
|
| 作者: | 肖正中 著 | |
| 分册: | ||
| 出版信息: | 杭州 浙江人民美术出版社 1997.11 |
|
| 页数: | 176页 | |
| 开本: | 16开 | |
| 丛书名: | ||
| 单 册: | ||
| 中图分类: | ||
| 科图分类: | ||
| 主题词: | 建筑设计 | |
| 电子资源: | ||
| ISBN: | 7-5340-0738-0 | |
| 000 | 00603nam0 2200217 45 | |
| 001 | 9912111013 | |
| 005 | 20001023160916.1 | |
| 010 | @a7-5340-0738-0@d88.00元 | |
| 100 | @a19991211d1997 km y0chiy0120 ea | |
| 101 | @achi | |
| 105 | @a z 000yy | |
| 200 | 1 | @a建筑设计效果图技法解析@AJian Zhu She Ji Xiao GuoTuJi Fa Jie Xi@f肖正中著@FXiao Zheng Zhong Zhu |
| 205 | @a1 | |
| 210 | @a杭州@c浙江人民美术出版社@d1997.11 | |
| 215 | @a176页@d16开 | |
| 606 | 0 | @a建筑设计 |
| 690 | @v3 | |
| 690 | @aTU204@v3 | |
| 701 | @a肖正中@4著 | |
| 801 | @aCN@bPFTUser@c19991211 | |
| 905 | @dTU204@eX983@b184031-035@f5 | |
| 建筑设计效果图技法解析/肖正中著.-1.-杭州:浙江人民美术出版社,1997.11 |
| 176页;16开 |
| ISBN 7-5340-0738-0:88.00元 |
| ● |
| 相关链接 |
|
|
|
正题名:建筑设计效果图技法解析
索取号:TU204/X983
 
预约/预借
| 序号 | 登录号 | 条形码 | 馆藏地/架位号 | 状态 | 备注 |
| 1 | 184031 | 201840311 | 建筑库101/101建筑库 111排1列3层/ [索取号:TU204/X983] | 在馆 | |
| 2 | 184032 | 201840320 | 建筑库101/101建筑库 109排4列1层/ [索取号:TU204/X983] | 在馆 | |
| 3 | 184033 | 201840339 | 建筑库101/101建筑库 109排4列1层/ [索取号:TU204/X983] | 在馆 | |
| 4 | 184034 | 201840348 | 建筑库101/ [索取号:TU204/X983] | 在馆 | |
| 5 | 184035 | 201840357 | 建筑库101/101建筑库 109排4列1层/ [索取号:TU204/X983] | 在馆 |